000 00460cam a2200193ua 4500
001 10144
008 170412n ii |||gr||||Z||||||eng
020 _a9780070221789
040 _cMAIN
041 _aeng
082 _a158.3
100 _aAndrews, Sudhir,
_eAuthor.
245 _aHow to succeed at interviews
_cBy Sudhir Andrews
250 _a2nd ed.
260 _aNew Delhi:
_bTata McGraw hill,
_c2011.
300 _a179p.
653 _aMAIN
942 _cBK
999 _c9142
_d9142